Azat Qirim чи колонія Москви? : імперський геноцид і кримськотатарська революція (Запис № 17508)
[ простий вигляд ]
| 000 -Маркер запису | |
|---|---|
| Контрольне поле сталої довжини | 02980nam a22002537a 4500 |
| 003 - Належність контрольного номера | |
| Контрольне поле | Uzh_bibl |
| 008 - Кодовані дані | |
| Контрольне поле сталої довжини | 260423b |||||||| |||| 00| 0 ukr d |
| 020 ## - Індекс ISBN | |
| ISBN | 978-966-193-117-5 |
| Ціна | 45.15 |
| 040 ## - Джерело каталогіз. | |
| Код мови каталог. | укр. |
| 041 ## - Код мови видання | |
| Код мови оригіналу | українська |
| Код мови тексту | українська |
| 080 ## - Індекс УДК | |
| Індекс УДК | 94(477.75) |
| 090 ## - Шифри | |
| Поличний індекс | 94(477.75) |
| Авторський знак | Г 75 |
| 100 ## - Автор | |
| Автор | Грабовський,Сергій |
| 245 ## - Назва | |
| Назва | Azat Qirim чи колонія Москви? : імперський геноцид і кримськотатарська революція |
| Фізичний носій | Текст |
| 260 ## - Вихідні дані | |
| Місце видання | Київ |
| Видавництво | Видавничий дім"Стилос" |
| Дата видання | 2017 |
| 300 ## - Фізичний опис | |
| Обсяг | 120 с. |
| 520 ## - Анотація | |
| Анотація | Книга кандидатів філософських наук, фахівців з культурології та політичної історії Сергія Грабовського й Ігоря Лосева присвячена трагічній долі кримськотатарського народу, який став жертвою здійснюваного Російсько-совєтською імперією впродовж двох з половиною століть геноциду – з незначними періодами послаблень. Показані й охарактеризовані основні етапи цього геноциду та його наслідки, а разом з тим – кримськотатарське відродження перших декад XX століття, боротьба кримців за свободу, знаковим виявом якої стала Кримськотатарська революція 1917–1918 років. Автори, один з яких е кримчанином у дев’ятому поколінні, а інший має на півострові родичів і служив два роки там у війську, не тільки на основі писемних джерел, а й на підставі власного досвіду осмислили значний фактичний матеріал, пов’язаний і з історією Криму, і з культурою кримськотатарського народу, і з методами колоніальної політики Росії.<br/>Книга являє собою український погляд на кримськотатарську історію та може бути рекомендована науковцям, учителям, військовикам, студентам, усім тим, хто небайдужий до перспектив розвитку України та долі кримців. |
| 521 ## - Примітка про цільове призначення | |
| Примітка про цільове призначення | Для широкого кола читачів |
| 546 ## - Примітка про мову | |
| Примітка про мову | укр. |
| 650 ## - Тематичні рубрики | |
| Основна рубрика | Науково популярне видання |
| 653 ## - Ключові слова | |
| Ключові слова | Геноцид |
| -- | Боротьба за свободу |
| -- | Крим |
| 700 ## - Інші автори | |
| Інші автори | І. Лосєв |
| 942 ## - ADDED ENTRY ELEMENTS (KOHA) | |
| Джерело класифікації чи схема поличного розташування | |
| Koha item type | Книги |
| Статус вилучення | Статус втрати/відсутності | Джерело класифікації чи схема поличного розташування | Статус пошкодження | Тип обігу (не для випозичання) | Постійне розташування | Поточне розташування | Розташування у відділі | Дата надходження | Інвентарний номер | Total Checkouts | Повний (примірниковий) шифр зберігання | Штрих-код | Date last seen | Дата, для якої чинна ціна заміни | Тип одиниці (рівень примірника) |
|---|---|---|---|---|---|---|---|---|---|---|---|---|---|---|---|
| Публічна бібліотека | Публічна бібліотека | Абонемент | 23/04/2026 | 70847 | 94(477.75) | 19342 | 23/04/2026 | 23/04/2026 | Книги |